MDQL
is popping MORE tags! Check the
thread
!
Quizzes
Events
Quiz Creation
Community
Videos
Private Events
Remove Ads
Sign In
Join for FREE
Feedback
Dark Mode
Quiz Categories
Sports
Geography
Music
Movies
Television
Just For Fun
Miscellaneous
History
Literature
Language
Science
Gaming
Entertainment
Religion
Holiday
For Kids
Quiz Lab
Recent
Popular Today
Quiz Kudos Today
Editor Picks
Curator Picks
Quizzes by...
Day
Popularity
Type
Ratings
Length
Year
Community
Subscriptions
Recent Discussions
Orange Saloon
Badges
Playlists
Quests
Create
Leaderboards
Showdown
Live 5
Trivia Bingo
Activity
Puzzle Library
Sporcle Events
Private Events
Virtual Trivia
Globe League
Become a Host
Pub Owners
SporcleCon
Opinionation
Our Games
Videos
Blog
Mobile Apps
Partnerships
Remove Ads and Go Orange
Feedback
Sports
Athletes
MLB
NBA
NHL
NFL
Soccer
Sports Teams
WWE
NCAA
Football
Premier League
Basketball
Baseball
Hockey
Golf
Tennis
Cricket
Rugby
Auto Racing
Olympics
World Cup
Sports
Athletes
MLB
NBA
NHL
NFL
Soccer
Sports Teams
WWE
NCAA
Football
Premier League
Basketball
Baseball
Hockey
Golf
Tennis
Cricket
Rugby
Auto Racing
Olympics
World Cup
Random Quiz
Search Sporcle
×
Quiz Lab
Quiz Lab
Sports
2000
Type in answers that appear in a list
Type in answers that appear in a list
Classic
Best Score? Go Orange.
SB Winners Starting Offense (2000+) Stats
Can you name the Starting Offense for Superbowl Teams since 2000?
By
Austin515
10m
143 Questions
176 Plays
176 Plays
176 Plays
Comments
Comments
Give Quiz Kudos
Give Quiz Kudos
-
- Ratings
hide this ad
Replay
Link that replays current quiz
Next Quiz
Link to next quiz in quiz playlist
You Got
0%
They Got
Avg Score
40%
Avg Friend Score
Upgrade to see
Score Distribution
Jump to the score distribution portion of the page
Score
0/143
Timer
10:00
0
Plays Today
% Correct
Eli Manning
96%
Eli Manning
96%
Peyton Manning
96%
Aaron Rodgers
93.8%
Tom Brady
93.2%
Tom Brady
93.2%
Tom Brady
93.2%
Ben Roethlisberger
91.5%
Ben Roethlisberger
91.5%
Drew Brees
89.2%
Hines Ward
82.4%
Hines Ward
82.4%
Marshall Faulk
80.7%
Kurt Warner
80.7%
Victor Cruz
80.1%
Brad Johnson
80.1%
Keyshawn Johnson
80.1%
Ahmad Bradshaw
76.7%
Greg Jennings
76.7%
Reggie Wayne
76.1%
Jordy Nelson
75.6%
Torry Holt
75.6%
Marques Colston
75%
James Jones
74.4%
Donald Driver
73.9%
Willie Parker
73.9%
Brandon Jacobs
73.9%
Willie Parker
73.9%
Marvin Harrison
73.3%
Isaac Bruce
73.3%
Pierre Thomas
71%
Heath Miller
71%
Heath Miller
71%
Carl Nicks
70.5%
Hakeem Nicks
70.5%
Joseph Addai
70.5%
Fred Miller
70.5%
Santonio Holmes
69.9%
Trent Dilfer
69.3%
Plaxico Burress
68.2%
Jamal Lewis
68.2%
Dallas Clark
67.6%
Troy Brown
67.6%
Troy Brown
67.6%
Jeremy Shockey
67%
Marvel Smith
65.3%
Corey Dillon
65.3%
Antowain Smith
65.3%
% Correct
Antowain Smith
65.3%
Deion Branch
63.6%
Deion Branch
63.6%
James Starks
63.1%
Max Starks
63.1%
Max Starks
63.1%
Reggie Bush
62.5%
Amani Toomer
60.8%
Jeff Saturday
59.1%
Devery Henderson
57.4%
Kevin Boss
52.3%
Mike Alstott
51.7%
Daniel Graham
45.5%
Daniel Graham
45.5%
Roland Williams
45.5%
Chris Snee
42.6%
Chris Snee
42.6%
David Diehl
41.5%
David Diehl
41.5%
Orlando Pace
39.8%
Jahri Evans
34.7%
Matt Light
34.1%
Matt Light
34.1%
Matt Light
34.1%
Jake Ballard
33.5%
Jonathan Ogden
33.5%
Henry Hynoski
31.8%
Alan Faneca
30.1%
Shannon Sharpe
27.8%
Michael Pittman
27.3%
Shaun O'Hara
26.7%
Bryan Bulaga
25.6%
Brandon Stokley
25%
Kareem McKenzie
23.9%
Kareem McKenzie
23.9%
Chad Clifton
22.2%
David Baas
21.6%
Carey Davis
21%
Tarik Glenn
20.5%
Keenan McCardell
20.5%
David Givens
19.9%
David Patten
17.6%
Stephen Neal
17%
Qadry Ismail
17%
Willie Colon
16.5%
Kevin Boothe
15.9%
Antwaan Randle El
15.9%
Dan Koppen
14.8%
% Correct
Dan Koppen
14.8%
Jermon Bushrod
14.2%
Rich Seubert
14.2%
Scott Wells
11.9%
Josh Sitton
11.9%
Daryn Colledge
11.4%
Jake Scott
11.4%
Ryan Diem
10.8%
Kenyetta Walker
10.2%
Marc Edwards
9.7%
Michael Matthews
9.1%
Adam Timmerman
9.1%
Ryan Lilja
8%
Dan Kreider
8%
Jeff Hartings
8%
Patrick Pass
8%
Damien Woody
8%
Joe Andruzzi
8%
Jon Stinchcomb
7.4%
Joe Andruzzi
7.4%
Joe Andruzzi
7.4%
Justin Hartwig
6.8%
Edwin Mulitalo
6.3%
Sam Gash
5.7%
Jonathan Goodwin
5.1%
Kendall Simmons
5.1%
Ken Dilger
5.1%
Jermaine Wiggins
5.1%
Chris Kemoeatu
4.5%
Ben Utecht
4.5%
Larry Centers
4.5%
Jeff Mitchell
4.5%
Mike Flynn
4.5%
Russ Hochstein
4%
Cosey Coleman
3.4%
Mike Compton
3.4%
Tom Nutten
3.4%
Kerry Jenkins
2.8%
Jeff Christy
2.8%
Brandon Gorin
2.3%
Roman Oben
2.3%
Harry Swayne
2.3%
Robert Holcombe
2.3%
Darnell Stapleton
1.7%
Tom Ashworth
1.7%
Greg Robinson-Randle
1.1%
Mike Gruttadauria
0.6%
Quiz Playlist
Details
Report
Send in Message
Add To Playlist
Classic:
Type in answers that appear in a list
Last Updated: Feb 16, 2017
Quiz Scoreboard
CHALLENGE
Sign Up to Join the Scoreboard
Show All
Scores
Hide
Comments
May contain spoilers
Recently Published
Holiday 10x10 Sorting Gallery
by lukepisani3
Holiday
15m
Two Season TV Shows II
by 123Four
Television
10m
Image Sorting: Flags VI
by Barbecue
Geography
2m
More to Explore
Quiz From the Vault
Featured Blog Post
14 Easter Pick-up Lines to Find Eggs With
hide this ad
You Might Also Like...
Tags
2000
offense
Starting
Super Bowl
team
Today's Top Quizzes in Sports
Browse Sports
hide this ad
Today's Top Quizzes in 2000
Browse 2000
Top Contributed Quizzes in Sports
1
Les meilleurs buteurs des matchs entre le PSG et l’OM
2
Les entraîneurs de l'OM et du PSG au 21e siècle
3
2022 World Cup Stars
4
Les joueurs passés par le PSG et l'OM
5
Players with Multiple 50 Home Run Seasons
6
FIFA Club World Cup Champions
7
Criteria MLB: Left Handed Sluggers
8
Les joueurs passés par le LOSC et le RC Lens
9
Top 10 NHL Goal Scorers of All Time
10
NBA Logic Puzzle 2.0
Explore More
Trending Topics
NBA
Disney
Marvel
Crossword
Kpop
Anime
Harry Potter
Song
Soccer
The Office
WWE
Puzzle
NFL
Country
Pokémon
hide this ad
More By:
Austin515
Quiz
Plays
Rating
Category
Featured
Created
Last 5 NFL QBs to Play a 16 Game Regular Season
969
3.71
Sports
Apr 19, 2013
NFL 2013 Projected Starters
607
3.33
Sports
May 7, 2013
2013 NFL Draft Clickable
496
3.83
Sports
May 2, 2013
Madden 99+ Overalls since Madden 99'
471
4.00
Gaming
Oct 12, 2012
NFL Players Traded in 2013
420
3.00
Sports
Apr 9, 2013
Go to Creator's Profile
Score Distribution
Quiz Creator Spotlight
Austin515
Follow
Send a Message
Quizzes Created
-
Created Quiz Play Count
-
More By This Creator
Popular Quizzes Today
1
Find the US States - No Outlines Minefield
2
Colored Red Africa Blitz
3
Find the 'City' Movie
4
The Countries of the World
5
5x2 Blitz: Bands
6
Find the Countries of Europe - No Outlines Minefield
7
Find the US States
8
US States
More Sports Quizzes
Picture Click: 49ers QBs
Published
Trending Quizzes
Colored Red Europe Blitz I
Colored Red Africa Blitz II
Colored Red Europe Blitz II
Even More Two Season TV Shows
Colored Red Africa Blitz III
Recently Updated
Odd Team Out - Big 4 Players
pecheneg
Quick Pick: 20 Twenties
pecheneg
March Madness Men's Triple Doubles
pecheneg
How Do You Spell That?
pecheneg
Godzilla Movies
pecheneg
Grab Bag: 4-10 Letters
pecheneg
2024 March Madness Bracket
pecheneg
Famous TV Couples
Peacemaker
Champions League XIs: Real Madrid
pecheneg
Largest US Cities 1790-2010
pecheneg
Trending Topics
Harry Potter
Anime
NBA
Crossword
Kpop
Disney
Marvel
NFL
Country
WWE
Pokémon
Puzzle
Song
Soccer
The Office
Your Account Isn't Verified!
In order to create a playlist on Sporcle, you need to verify the email address you used during registration. Go to your
Sporcle Settings
to finish the process.
Report this User
Report this user for behavior that violates our
Community Guidelines
.
Details:
Send Report
Go to the Sporcle.com Mobile Site →
Comments